Mesurament del corrent altern
Descripción Física:
50 p. : il. ; 23 cm
Colección:
Text ; 39
Otros Autores:
Catalunya. Extensió d'Ensenyament Tècnic
Materias:
Corrents alterns
MARC
| LEADER | 00000nam a2200000Ia 4500 | ||
|---|---|---|---|
| 001 | 7717 | ||
| 008 | 160829s9999 xx 000 0 cat d | ||
| 080 | |a C-1-481 | ||
| 245 | |a Mesurament del corrent altern | ||
| 260 | |a Barcelona : |b Mancomunitat de Catalunya, Extensió d' Ensenyament Tècnic, [s.a.] | ||
| 300 | |a 50 p. : |b il. ; |c 23 cm | ||
| 490 | |a Text ; 39 | ||
| 650 | |a Corrents alterns |9 20970 | ||
| 700 | |a Catalunya. Extensió d'Ensenyament Tècnic |9 20004 | ||
| 710 | 2 | |a Catalunya. |b Mancomunitat |9 53015 | |
| 856 | 4 | |u https://media.diba.cat/diba/fitxers/arxiu/mancomunitat/bib_7717_baixa.pdf |y Accés lliure | |
| 901 | |a Arxiu | ||
| 942 | |n 1 |2 udc | ||
| 952 | |0 0 |1 0 |4 0 |6 C1481 |7 1 |9 41760 |a Arxiu |b Arxiu |d 2016-12-01 |l 0 |o C-1-481 |p 7717 |r 2016-12-01 00:00:00 |w 2016-12-01 |y ARXIU | ||
| 999 | |c 43650 |d 43650 | ||
| 900 | |a bib_7717_baixa.pdf | ||